| 000 | 00834nam a22002297a 4500 | ||
|---|---|---|---|
| 999 |
_c64301 _d64301 |
||
| 005 | 20240530110724.0 | ||
| 008 | 180415s2016 ua g 000 pdara d | ||
| 017 |
_a2016/23174 _bمصر. دار الكتب |
||
| 020 | _a9789779109992 | ||
| 040 |
_aEG-CaGPL _cEG-CaGPL |
||
| 082 | 0 | 4 |
_221 _a811.05 / _bأ هـ |
| 100 | 0 | _aاحمد عنتر مصطفى | |
| 245 | 1 | 0 |
_aهكذا تكلم المتنبى / _cاحمد عنتر مصطفى |
| 260 |
_aالقاهرة : _bالهيئة المصرية العامة للكتاب ، _c2016. |
||
| 300 |
_a377 ص. ؛ _c24 سم. |
||
| 600 | 1 |
_2qrmak _aالمتنى |
|
| 650 | 0 | 7 |
_2qrmak _aالشعر العربى _xدواوين وقصائد |
| 650 | 0 | 7 |
_2qrmak _aالشعر العربى _xتاريخ ونقد |
| 651 | _2qrmak | ||
| 942 |
_2ddc _cBK |
||